Statistics for Drake Lyrics (Views)

Click here to take the quiz!

General Stats

  • This quiz has been taken 252 times
  • The average score is 13 of 20

Answer Stats

Lyrics Answer % Correct
Dropped outta school now we dumb rich, dumb richPop Style
80%
Got a Hennessy in my hand One more time 'fore I goOne Dance
80%
Girl you got me down, you got me stressed outHotline Bling
77%
Momma hit my phone and said rap's no good9
76%
I pull up in Lexus' like it's '07Hype
71%
I should be downtown, whipping on the way to youFeel No Ways
69%
My friends always feel the need to tell me thingsToo Good
68%
And my wifey is a spice like I'm David BeckhamViews
68%
This is not a fairytale, I already know how you like itChild's Play
68%
But you can't just diss and come tell man sorryControlla
65%
All of my "let's just be friends" are friends I don't have anymoreKeep The Family Close
65%
Back when we couldn't buy pizza cause we were down to penniesWeston Road Flow
63%
Why would I tell you I'm 30 away if I'm not on the way?Redemption
62%
Summer is over, simple and plainSummers Over Interlude
60%
Remember you was livin' at the London for a monthU With Me?
57%
I pull up in yachts so big that they try to hit me with boat finesGrammys
55%
Girls all in my bed and they don't trip off first impressionsStill Here
53%
You would think it broke down the way I push itFaithful
52%
Bottles open up so you can try and open up for me, babyWith You
49%
But you get real on a pill and I like itFire & Desire
43%

Score Distribution

Percentile by Number Answered

Percent of People with Each Score

Your Score History

You have not taken this quiz